Železobetonnyje špaly /

Uložené v:
Podrobná bibliografia
Hlavní autori: Zolotarskij, A. F. (Author), Serebrennikov, V. V. (Author), Berg, O. Ja (Author)
Médium: Kniha
Jazyk:Russian
Vydané: Moskva : Transželdorizdat, 1959.
ISBN: (viaz.)
Fyzický popis: 328 s.
Tagy: Pridať tag
Žiadne tagy, Buďte prvý kto otaguje tento záznam!

MARC

LEADER 00000nam a22000004a 4500
001 000596607
005 20181004184518.0
008 180812 1959 ru e rus d
020 |a (viaz.)  |c Kčs 11,85 
040 |a SVKKK  |b slo  |c SVKKK  |e AACR2 
041 0 |a rus 
044 |a ru  |c RU 
100 1 |a Zolotarskij, A. F.  |4 aut 
245 1 0 |a Železobetonnyje špaly /  |c A. F. Zolotarskij, V. V. Serebrennikov, O. Ja. Berg. 
260 |a Moskva :  |b Transželdorizdat,  |c 1959. 
300 |a 328 s. 
504 |a Bibliogr. odkazy 
700 1 |a Serebrennikov, V. V.  |4 aut 
700 1 |a Berg, O. Ja.  |4 aut 
910 |a svkkk 
998 |a BK 
090 |g SCKHL  |k Sklad Pribinova 2. posch.  |a III.78240  |j 183628  |i 2720570940  |s Vyradená